| 000 | 00940nam a2200337 a 4500 | ||
|---|---|---|---|
| 001 | vtls000047015 | ||
| 003 | NLI | ||
| 005 | 20210601185435.0 | ||
| 008 | 101125s1998 ii 000 p eng | ||
| 020 |
_a8186056289 _cRs. 60.00 |
||
| 039 | 9 |
_y201011250431 _zVLOAD |
|
| 040 | 0 |
_aNLI _beng _cVERGIS-2003 |
|
| 041 | 0 | _aeng | |
| 044 | _aii | ||
| 082 | 0 | 4 | _a821.91 |
| 100 | 1 |
_aSinha, Ravi Nandan _9117734 |
|
| 245 | 1 | 0 |
_aHarbour lights: _bpoems/ _cRavi Nandan Sinha |
| 260 |
_aRanchi: _bWriters Forum, _cc1998 |
||
| 300 |
_aviii, 47 p.; _c23 cm. |
||
| 650 | 0 |
_aEnglish poetry _y20th century _9117738 |
|
| 887 | _aKannaki | ||
| 901 |
_aDB 75888 _b20/05/1999 |
||
| 902 | _aE 821.91 Si 65 | ||
| 903 | _a01/06/2004 | ||
| 904 | _aKannaki | ||
| 906 | _a049583 | ||
| 949 |
_AVIRTUAITEM _D10000 _F1 _X100 _6DBA000075888ENG _aE 821.91 Si65 |
||
| 942 |
_2ddc _cBKS |
||
| 999 |
_aVIRTUA _c51180 _d51180 |
||
| 999 | _aVTLSSORT0200*9010*9020*9060*9490*9991 | ||